Europa, esa utopía / (Record no. 140104)

MARC details
000 -LEADER
campo de control de longitud fija 00622nam a2200205 4500
001 - NÚMERO DE CONTROL
campo de control 140104
003 - IDENTIFICADOR DE NÚMERO DE CONTROL
campo de control ES-MaACL
005 - FECHA Y HORA DE LA ÚLTIMA TRANSACCIÓN
campo de control 20230906200015.0
007 - CAMPO FIJO DE DESCRIPCIÓN FÍSICA--INFORMACIÓN GENERAL
campo de control de longitud fija t|
008 - DATOS DE LONGITUD FIJA--INFORMACIÓN GENERAL
campo de control de longitud fija 070214s1971 sp r ||||1| spa d
100 1# - ENTRADA PRINCIPAL--NOMBRE DE PERSONA
Nombre de persona Sedillot, Rene.
9 (RLIN) 187167
245 10 - MENCIÓN DEL TÍTULO
Título Europa, esa utopía /
Mención de responsabilidad, etc. René Sedillot ; [lo tradujo... Concepción Hernando Martín].
260 ## - PUBLICACIÓN, DISTRIBUCIÓN, ETC.
Lugar de publicación, distribución, etc. Madrid :
Nombre del editor, distribuidor, etc. Guadarrama,
Fecha de publicación, distribución, etc. 1971.
300 ## - DESCRIPCIÓN FÍSICA
Extensión 337 p. ;
Dimensiones 18 cm.
490 1# - MENCIÓN DE SERIE
Mención de serie Punto Omega ;
Designación de volumen o secuencia 106
700 1# - ENTRADA AGREGADA--NOMBRE PERSONAL
Nombre de persona Hernando Martín, Concepción.
9 (RLIN) 63111
830 0# - PUNTO DE ACCESO ADICIONAL DE SERIE-TÍTULO UNIFORME
Título uniforme Punto Omega ;
Designación de volumen o secuencia 106
9 (RLIN) 180707
852 ## - LOCALIZACIÓN
Ubicación ES-MaACL
Número de control de estantería C-45455
Sublocalización o colección R.77480
Holdings
Estatus retirado Estado de pérdida Estado de daño No para préstamo Biblioteca de origen Biblioteca actual Ubicación en estantería Fecha de adquisición Fuente de adquisición Total de préstamos Signatura topográfica completa Código de barras Visto por última vez Precio de reemplazo Tipo de ítem Koha
        Biblioteca del Ateneo de Madrid Biblioteca del Ateneo de Madrid Depósito 2 17/01/2008     C-45455 1145797 23/02/2023 23/02/2023 Libro impreso